Testing of Lock-in Effect and Capital Gains Taxes Impact on Corporate M&AS in EU-countries
Regresná analýza vzťahu M&As (mergers & aquisitions - fúzie a akvizície) a efektom uzamknutia (lock-in effect). Negatívne dopady pre reorganizáciu korporácie v čase krízy. Ďalšie skúmané ukazovatele vo vzťahu. cezhraničné M&As, rast HDP, index vnímania korupcie a miera investícií na zelenej lúke.
Saved in:
| Main Author: | |
|---|---|
| Other Authors: | |
| Format: | Book Chapter |
| Language: | English |
| Subjects: | |
| Tags: |
No Tags, Be the first to tag this record!
|
MARC
| LEADER | 00000naa$a2200000$$$4500 | ||
|---|---|---|---|
| 001 | 0197051 | ||
| 005 | 20240502083501.0 | ||
| 041 | 0 | |a eng | |
| 044 | |a BG | ||
| 245 | 1 | 0 | |a Testing of Lock-in Effect and Capital Gains Taxes Impact on Corporate M&AS in EU-countries |c Jana Kubicová, Miroslava Záhumenská |
| 520 | |a Regresná analýza vzťahu M&As (mergers & aquisitions - fúzie a akvizície) a efektom uzamknutia (lock-in effect). Negatívne dopady pre reorganizáciu korporácie v čase krízy. Ďalšie skúmané ukazovatele vo vzťahu. cezhraničné M&As, rast HDP, index vnímania korupcie a miera investícií na zelenej lúke. | ||
| 610 | 2 | 0 | |a fúzie |
| 610 | 2 | 0 | |a akvizícia |
| 610 | 2 | 0 | |a odvody zo zisku |
| 610 | 2 | 0 | |a zisk kapitálový |
| 610 | 2 | 0 | |a zdaňovanie |
| 100 | 1 | |a Kubicová, Jana, 1961- | |
| 700 | 1 | |a Záhumenská, Miroslava | |